000
00295nam a2200097Ia 4500
001
1290372
005
20260417164514.0
008
260417s9999 xx 000 0 und d
245
0
_a
KENDİMİ DURDURAMIYORUM-2 ŞİRİN ZANZİBAR KONSOLOSU
_c
BİRSEN EKİM ÖZEN
260
_b
TİMAŞ ÇOCUK YAYINLARI
999
_c
1290372
_d
1290372